الرائد في علم الفرائض : (رقم التسجيلة. 33585)

تفاصيل مارك
000 -الفاتح
عناصر البيانات ثابتة الطول 00669cam a2200169 i 4500
005 - تاريخ ووقت آخر معاملة
حقل ضبط 20251210121234.0
008 - عناصر البيانات ثابتة الطول
عناصر البيانات ثابتة الطول 250721r1989 ue gr 000 0 ara d
082 14 - رقم تصنيف ديوي العشري
رقم التصنيف 216.41
رقم المادة ش ل ب
100 1# - مدخل رئيسي – اسم شخصي
الاسم الشخصي شلبي، حمدي عبد المنعم
علاقة الشخص بالعمل/ دوره مؤلف.
245 12 - بيان العنوان
العنوان الرائد في علم الفرائض :
بقية العنوان تعلموا الفرائض وعلموها /
بيان المسؤولية تاليف حمدي عبدالمنعم شلبي.
264 31 - بيانات النشر، التوزيع…إلخ
مكان النشر، التوزيع...إلخ القاهرة :
تاريخ النشر، التوزيع...إلخ 1989.
اسم الناشر، الموزع...إلخ مكتبة ابن سينا للنشر والتوزيع والتصدير.
300 ## - الوصف المادي
عدد الوحدات المكونة للوعاء 224صفحة.
650 17 - مدخل إضافي بالموضوع - مصطلح موضوعي
مصطلح موضوعي أو اسم جغرافي كعنصر مدخل الفقه الإسلامي.
650 17 - مدخل إضافي بالموضوع - مصطلح موضوعي
مصطلح موضوعي أو اسم جغرافي كعنصر مدخل المواريث.
942 ## - بيانات إضافية (كوها)
نوع التنصيف Dewey Decimal Classification
نوع المادة (كوها) كتب
المقتنيات
حالة السحب حالة الفقدان مصدر التصنيف حالة التلف غير قابل للإعارة المكتبة الرئيسية المكتبة الحالية موقع الرف تاريخ التزويد الرقم المتسلسل Total Checkouts رقم الإستدعاء الباركود تاريخ آخر ظهور تاريخ الفاتورة نوع المادة (كوها)
    Dewey Decimal Classification     المكتبة المركزية المكتبة المركزية الإعارة 06/07/2004 460867   216.41 / ش ل ب 460867 28/07/2025 06/07/2004 كتب
Implemented & Customized by: BBB with SCIT (Smart Chains for Information Technology)

Powered by Koha